Christian Angelic Hierarchy Quiz Stats

 Plays Quiz Updated Feb 16, 2016

Score 0/9 Timer 03:00
1 Play Today
% Correct
Archangels
79.1%
Guardian Angels
67.2%
Seraphim
65.9%
Cherubim
61.1%
Thrones
18.3%
Powers
16.4%
Dominations
15.5%
Principalities
13.1%
Virtues
11.1%

You're not logged in!

Compare scores with friends on all Sporcle quizzes.
OR
Log In

Sporcle TV

Today on Sporcle TV


Watch our educational content, quiz creation guides, and fun videos on Sporcle TV.

Show Comments

Extras

Top Quizzes Today


Score Distribution

Your Account Isn't Verified!

In order to create a playlist on Sporcle, you need to verify the email address you used during registration. Go to your Sporcle Settings to finish the process.

Report this User

Report this user for behavior that violates our Community Guidelines.

Details: